El espíritu de las leyes

Salvato in:
Dettagli Bibliografici
Autore principale: Montesquieu, Charles Louis de Secondat, Barón de (autor)
Natura: Libro
Lingua:spagnolo
Pubblicazione: Madrid Administración 1900
Serie:Nueva Biblioteca de Ciencias Sociológicas, 6 - 10bis
Soggetti:
Tags: Aggiungi Tag
Nessun Tag, puoi essere il primo ad aggiungerne!!

MARC

LEADER 00000nam a2200000 a 4500
001 UCT8924
003 CL-VaPUC
008 970326e19000000SP |||||||||||||||||spa|d
082 0 4 |a 340.13  |b MON  |2 21 
100 |a Montesquieu, Charles Louis de Secondat, Barón de  |e autor  |9 515729 
245 1 3 |a El espíritu de las leyes 
300 |a v 
942 |c BK 
945 |d 19970326 00:00:00  |a lriquelm 
260 |a Madrid  |b Administración  |c 1900 
650 0 |a Filosofía del derecho   |9 255050 
650 0 |a Formación de la ley  |9 337922 
650 0 |a Teoría de la ley  |9 354245 
583 |a last modification  |c 19970326 00:00:00  |k Rodrigo Vera 
490 0 |a Nueva Biblioteca de Ciencias Sociológicas, 6 - 10bis 
999 |c 257396  |d 257394 
952 |0 0  |1 0  |4 0  |6 340_130000000000000_MON_1900  |7 0  |8 DER_TF  |9 280823  |a BIBDER  |b BIBDER  |d 2019-11-19  |h v.1  |i 1816349  |o 340.13 MON 1900  |p 1816349  |r 2023-01-25  |w 2019-11-19  |x Ubicación 4to Piso  |y BK_X  |z Estos recursos deben solicitarse con anticipación  |k DER 
952 |0 0  |1 0  |4 0  |6 340_130000000000000_MON_1900  |7 0  |8 DER_TF  |9 280824  |a BIBDER  |b BIBDER  |d 2019-11-19  |h v.2  |i 1816357  |o 340.13 MON 1900  |p 1816357  |r 2023-01-25  |w 2019-11-19  |x Ubicación 4to Piso  |y BK_X  |z Estos recursos deben solicitarse con anticipación  |k DER 
952 |0 0  |1 0  |4 0  |6 340_130000000000000_MON_1900  |7 0  |8 DER_TF  |9 280825  |a BIBDER  |b BIBDER  |d 2019-11-19  |h v.3  |i 1816365  |o 340.13 MON 1900  |p 1816365  |r 2023-01-25  |w 2019-11-19  |x Ubicación 4to Piso  |y BK_X  |z Estos recursos deben solicitarse con anticipación  |k DER 
952 |0 0  |1 0  |4 0  |6 340_130000000000000_MON_1900  |7 0  |8 DER_TF  |9 280826  |a BIBDER  |b BIBDER  |d 2019-11-19  |h v.4  |i 1816373  |o 340.13 MON 1900  |p 1816373  |r 2023-01-25  |w 2019-11-19  |x Ubicación 4to Piso  |y BK_X  |z Estos recursos deben solicitarse con anticipación  |k DER 
952 |0 0  |1 0  |4 0  |6 340_130000000000000_MON_1900  |7 0  |8 DER_TF  |9 280827  |a BIBDER  |b BIBDER  |d 2019-11-19  |h v.5  |i 1816381  |o 340.13 MON 1900  |p 1816381  |r 2023-01-25  |w 2019-11-19  |x Ubicación 4to Piso  |y BK_X  |z Estos recursos deben solicitarse con anticipación  |k DER 
952 |0 0  |1 0  |4 0  |6 340_130000000000000_MON_1900  |7 0  |8 DER_TF  |9 280828  |a BIBDER  |b BIBDER  |d 2019-11-19  |h v.6  |i 181639K  |o 340.13 MON 1900  |p 181639K  |r 2023-01-25  |w 2019-11-19  |x Ubicación 4to Piso  |y BK_X  |z Estos recursos deben solicitarse con anticipación  |k DER